000 00386nam a2200145Ia 4500
008 231129s2018||||xx |||||||||||||| ||spa||
020 _a978-958-30-5740-3
040 _bspa
082 _aCo863 L435p
100 _aLeal Quevedo Francisco
245 0 _a¡Perdedor!
260 _c2018
264 _aBogotá Colombia : Panamericana
942 _2ddc
_cBKS
999 _c4347
_d4347